Europa neu gedacht (Record no. 9053)

MARC details
000 -LEADER
fixed length control field 00546nam a2200193uu 4500
001 - CONTROL NUMBER
control field WIIW0000188
003 - CONTROL NUMBER IDENTIFIER
control field OSt
005 - DATE AND TIME OF LATEST TRANSACTION
control field 20240920152901.0
007 - PHYSICAL DESCRIPTION FIXED FIELD--GENERAL INFORMATION
fixed length control field tu
008 - FIXED-LENGTH DATA ELEMENTS--GENERAL INFORMATION
fixed length control field 240920t2020 xxk||||| ||||||0| | eng d
020 ## - INTERNATIONAL STANDARD BOOK NUMBER
International Standard Book Number 978-3-7076-8083-0
040 ## - CATALOGING SOURCE
Transcribing agency OSt
041 ## - LANGUAGE CODE
Language code of text/sound track or separate title eng
100 ## - MAIN ENTRY--PERSONAL NAME
Dates associated with a name Österreichische Gesellschaft für Europapolitik (Hg.)
245 00 - TITLE STATEMENT
Title Europa neu gedacht
Remainder of title Wie ein aktives Österreich zu einem starken Europa beitragen kann
260 ## - PUBLICATION, DISTRIBUTION, ETC.
Place of publication, distribution, etc. Wien
Name of publisher, distributor, etc. Czernin Verlag
Date of publication, distribution, etc. 2024
300 ## - PHYSICAL DESCRIPTION
Extent 169 S. ;
Dimensions 21,5 cm.
942 ## - ADDED ENTRY ELEMENTS (KOHA)
Koha item type Book
Source of classification or shelving scheme Other/Generic Classification Scheme
Call number prefix I
Call number suffix 7964
Holdings
Withdrawn status Lost status Source of classification or shelving scheme Damaged status Not for loan Home library Current library Date acquired Total Checkouts Full call number Date last seen Price effective from Koha item type
    Other/Generic Classification Scheme     WIIW WIIW 09/20/2024   7964 09/20/2024 09/20/2024 Book
The Vienna Instiute for International Economic Studies (wiiw)